مقا لا ت منظر (Record no. 171073)

MARC details
000 -LEADER
fixed length control field 00654nam a22001937a 4500
005 - DATE AND TIME OF LATEST TRANSACTION
control field 20200106114929.0
010 ## - LCCN (DPL NO)
LC control number B-283831
020 ## - INTERNATIONAL STANDARD BOOK NUMBER
Terms of availability 150.00
International Standard Book Number 818182233429
035 ## - SYSTEM CONTROL NUMBER
System control number B-283831
037 ## - SOURCE OF ACQUISITION
Source of stock number/acquisition BPPD
082 ## - DEWEY DECIMAL CLASSIFICATION NUMBER
Classification number 844
100 ## - MAIN ENTRY--PERSONAL NAME
Personal name ا فسر کا ظمی
245 ## - TITLE STATEMENT
Title مقا لا ت منظر
Statement of responsibility, etc ا فسر کا ظمی
246 ## - VARYING FORM OF TITLE
Title proper/short title Maqalat-e-Manzer (Urdu)
Remainder of title by Afsar Kazmi
260 ## - PUBLICATION, DISTRIBUTION, ETC. (IMPRINT)
Place of publication, distribution, etc Delhi
Date of publication, distribution, etc 2008 ء
Name of publisher, distributor, etc Educational Publishing House
270 ## - ADDRESS
City Delhi
Telephone number -
Postal code 110006
Address 3108,Gali Azizuddin Wakil,Kucha Pandit ,Lal Kuan,
Fax number -
Electronic mail address -
300 ## - PHYSICAL DESCRIPTION
Extent 168 ص
Dimensions 22 cm(hb)
942 ## - ADDED ENTRY ELEMENTS (KOHA)
Source of classification or shelving scheme Dewey Decimal Classification
Item type Urdu Bks
Classification part 844
Call number suffix ک ا ظ

No items available.


© Delhi Public Library
Hit Counter
free hit counter